Quizzes
Events
Quiz Creation
Community
Videos
Private Events
Remove Ads
Sign In
Join for FREE
Feedback
Dark Mode
Quiz Categories
Sports
Geography
Music
Movies
Television
Just For Fun
Miscellaneous
History
Literature
Language
Science
Gaming
Entertainment
Religion
Holiday
For Kids
Quiz Lab
Recent
Popular Today
Quiz Kudos Today
Editor Picks
Curator Picks
Quizzes by...
Day
Popularity
Type
Ratings
Length
Year
Community
Subscriptions
Recent Discussions
Orange Saloon
Badges
Playlists
Quests
Create
Leaderboards
Showdown
Live 5
Trivia Bingo
Activity
Puzzle Library
Sporcle Events
Private Events
Virtual Trivia
Globe League
Become a Host
Pub Owners
SporcleCon
Opinionation
Our Games
Videos
Blog
Mobile Apps
Partnerships
Remove Ads and Go Orange
Feedback
Television
TV Characters
TV Show
Sitcom
Network
Friends
Reality Shows
Cast
South Park
Star Trek
The Simpsons
Doctor Who
Television
TV Characters
TV Show
Sitcom
Network
Friends
Reality Shows
Cast
South Park
Star Trek
The Simpsons
Doctor Who
Random Quiz
Search Sporcle
×
Quiz Lab
Quiz Lab
Television
Type in answers that appear in a list
Type in answers that appear in a list
Classic
Best Score? Go Orange.
Friends: Who Am I? Stats
Can you name the Friends: Who Am I??
By
stewiegriffin
3m
19 Questions
635 Plays
635 Plays
635 Plays
Comments
Comments
Give Quiz Kudos
Give Quiz Kudos
-
- Ratings
hide this ad
Forced Order
Answers have to be entered in order
Answers have to be entered in order
Replay
Link that replays current quiz
Next Quiz
Link to next quiz in quiz playlist
You Got
0%
They Got
Avg Score
80%
Avg Friend Score
Upgrade to see
Score Distribution
Jump to the score distribution portion of the page
Score
0/19
Timer
03:00
0
Plays Today
Hint
Answer
% Correct
My grandma had an Egyptian Sphynx cat when I was a little girl
Rachel
97%
A girl wouldn't sleep with me because of my nubbin
Chandler
96.9%
I am the reason why Chandler doesn't have a pinky toe
Monica
94%
I got candy hearts made for my Bingaling for Valentines Day
Janice
94%
I have two mommies and one daddy
Ben
93.5%
I have a bedtime penguin pal named Hugsy
Joey
93.1%
I never learned how to ride a bike
Phoebe
92.4%
I'm secretly in love with Rachel
Gunther
91.7%
I am a firm believer is Unagi, the state of total awareness
Ross
90.2%
My alias is Crap Bag
Mike Hannigan
84.1%
Hint
Answer
% Correct
When I was only a few days old, only my aunt could get me to go to sleep
Emma
78%
I moved and handed my apartment over to Ross
Ugly Naked Guy
77.8%
I accidentally swallowed Ross's grandmother's ring (the one he was going to give to Emily
Duck
77.6%
I made Monica have doubts when she thought Chandler never wanted to get married
Richard Burke
75.4%
I am Rachel's boss's (Bloomingdale's) niece
Emily
71.3%
I secretly smoke and blame it on my wife
Jack Geller
68.5%
I am a 'love machine' and a 'neat guy'
Paul Stevens
66.5%
My favorite song is from the Lion King
Marcel
50.7%
I lost a toe to frostbite
David the Scientist Guy
34.6%
Quiz Playlist
Details
Report
Send in Message
Add To Playlist
Classic:
Type in answers that appear in a list
Forced Order:
Answers have to be entered in order
Last Updated: Feb 16, 2017
Quiz Scoreboard
CHALLENGE
Sign Up to Join the Scoreboard
Show All
Scores
Hide
Comments
May contain spoilers
Recently Published
Billboard Blitz: Fleetwood Mac
by CooCooCachoo
Music
15s
Presidents Visiting Landmarks
by Hejman
History
7m
An Introduction to Baseball
by treessimontrees
Sports
5m
More to Explore
Quiz From the Vault
Featured Blog Post
Where Did the Easter Bunny Come From?
hide this ad
You Might Also Like...
Tags
This quiz does not have any tags.
Today's Top Quizzes in Television
Browse Television
hide this ad
Top Contributed Quizzes in Television
1
5-to-1: The Simpsons Families
2
5-to-1: Television Doctors
3
7-to-1: TV Show Settings
4
One Piece Logic Puzzle
5
5-to-1: Streaming Originals
6
Survivor Seasons
7
Survivor Logic Puzzle: Heroes vs. Villains
8
TV Shows by First Names
9
Survivor Season by Logo
10
Survivor Trivia
Explore More
Trending Topics
NBA
Anime
Crossword
Harry Potter
Marvel
Kpop
Disney
Puzzle
NFL
Soccer
Pokémon
WWE
The Office
Country
Song
hide this ad
More By:
stewiegriffin
Quiz
Plays
Rating
Category
Featured
Created
Friends: TOW No One's Ready
2,795
3.33
Television
Sep 28, 2010
F.R.I.E.N.D.S: The One with All the Names
1,022
5.00
Television
Feb 18, 2015
Friends: Who Am I?
635
3.50
Television
Oct 1, 2010
Recurring names in F.R.I.E.N.D.S
584
4.20
Television
Oct 23, 2010
Go to Creator's Profile
Score Distribution
Quiz Creator Spotlight
stewiegriffin
Follow
Send a Message
Quizzes Created
-
Created Quiz Play Count
-
More By This Creator
Popular Quizzes Today
1
Find the US States - No Outlines Minefield
2
Find the Countries of Europe - No Outlines Minefield
3
The Countries of the World
4
Find the US States
5
US States
6
Risky Map Clicking: Biggest States A-Z
7
Popular People in 1961
8
Movies - When Are They Set?
More Television Quizzes
Follow That Line: Seinfeld (S1)
Curator's Pick
Trending Quizzes
Risky Map Clicking: Least Populous States A-Z
1-10 Letter G Words
1-10 Letter F Words
Risky Map Clicking: Next State Alphabetically
Risky Map Clicking: Biggest States A-Z
Recently Updated
Leaping Animals
pecheneg
Reality TV Shows (A-Z)
bhenderson79
Rickey Henderson's Hall of Fame Teammates
pecheneg
Champions League XIs: Arsenal
pecheneg
Quick Pick: Celebrities in WWE's Hall of Fame
aduchscher
A-Z Keypad Blitz II
pecheneg
Multiple Oscar Actors
pecheneg
Mystery Phrase Blitz: Oscar 'Best Actors'
pecheneg
F. Scott Fitzgerald Novels
LTH
Pick 3 Villains
ddd62291
Trending Topics
NBA
Anime
Disney
Harry Potter
Marvel
Crossword
Kpop
Pokémon
NFL
Puzzle
The Office
Song
Soccer
WWE
Country
Your Account Isn't Verified!
In order to create a playlist on Sporcle, you need to verify the email address you used during registration. Go to your
Sporcle Settings
to finish the process.
Report this User
Report this user for behavior that violates our
Community Guidelines
.
Details:
Send Report
Go to the Sporcle.com Mobile Site →
Comments